000 00604nam a2200217 a 4500
999 _c7019
_d7019
001 7019
003 BD-JhCC
005 20180416100340.0
008 180204s1979 bg |||| || | 000 0 eng d
035 _a(BD-JhCC)7019
040 _aBD-JhCC
_dBD-JhCC
041 _aeng
082 _a297.1228
_bFAZ 1979
100 _aফজল, আবুল
245 _aকুরআনের বানী /
_cআবুল ফজল,
260 _aঢাকা :
_bইসলামিক ফাউণ্ডেশন,
_c1979
300 _a280 p. :
_c22 cm.
650 _aAl-Quran
942 _2ddc
_cBK